Famous Highways Quiz - Statistics

General Stats
  • This quiz has been taken 21 times
  • The average score is 3 of 10
Answer Stats
Hint Answer % Correct
Known for having stretches with no speed limit Bundesautobahn
95%
The "Mother Road" that historically connected Chicago to Los Angeles U.S. Route 66
95%
The longest road in the world, stretching from Alaska to Argentina, though not technically contiguous Pan-American Highway
47%
A scenic drive along California's coastline California State Route 1
42%
One of the longest highways, crossing Russia from east to west Trans-Siberian Highway
37%
A remote and rugged highway in Alaska Alaska Route 11
16%
A scenic route through the Scottish Highlands A82
5%
A coastal highway offering stunning views of the Southern Ocean Great Ocean Road
5%
One of the highest paved roads in the world, linking Pakistan and China through the Himalayas National Highway 35
5%
A winding mountain road in the Alps, popular among drivers and cyclists Stelvio Pass
0%
No matching quizzes found
Score Distribution
Percent of People with Each Score
Percentile by Number Answered
Your Score History
You have not taken this quiz